| Поле | Инд. | ПП | Название | Значение |
|---|---|---|---|---|
| Тип записи | a | |||
| Библиографический уровень | m | |||
| 001 | Контрольный номер | RU/LIBMSTU/435926779 | ||
| 005 | Дата корректировки | 20151022161119.1 | ||
| 008 | Кодируемые данные | 131024|||||||||ru |||||||||||000|||rus|| | ||
| 020 | a | ISBN | 5-353-02413-3 | |
| 040 | b | Код языка каталог. | rus | |
| 041 | 0_ | a | Код языка текста | rus |
| 084 | a | Индекс другой классификации/Индекс ББК | 28.0+92 | |
| 090 | a | Полочн. индекс | 28 | |
| x | Авторский знак | Б 63 | ||
| 245 | 10 | a | Заглавие | Биология |
| b | Продолж. заглавия | [науч.-попул. энцикл. : более 2000 ст. | ||
| c | Ответственность | гл. ред. и авт. проекта А. П. Горкин] | ||
| 260 | a | Место издания | Москва | |
| b | Издательство | РОСМЭН | ||
| c | Дата издания | 2006 | ||
| 300 | a | Объем | 559 с. | |
| b | Иллюстрации/ тип воспроизводства | цв. ил. | ||
| 440 | _0 | a | Серия | Современная иллюстрированная энциклопедия |
| 504 | a | Библиография | Библиогр.: с. 557 | |
| 650 | 04 | a | Основная рубрика | Биология-Энциклопедии |
| 650 | 14 | a | Основная рубрика | Биология-Справочные издания |
| 653 | 0_ | a | Ключевые слова | Биология; Энциклопедии |
| 700 | 1_ | a | Другие авторы | Горкин А. П. |
| e | Роль лиц | ред. | ||
| 901 | t | Тип документа | m |